000
00321nam a22001337a 4500
008
180215b xxu||||| |||| 00| 0 eng d
020
_a
9780781719575
041
_a
eng
080
_a
616.12.008-073
100
_a
7
101
_a
shm
245
_a
clinical electrocardiographic diagnosis
_c
noble.o.f
942
_2
udc
_c
BK
999
_c
42594
_d
42594